Представление документа в формате RUSMARC

ПолеНазваниеЗначение
  Тип записи a
  Библиографический уровень m
001 Контрольный номер 812f83619e98485dbca69890fdd95d94
005 Дата корректировки 20140617134741.4
010 Индекс ISBN __
a ISBN 5-06-004491-2
200 Заглавие и сведения об ответственности 1_
a Заглавие Корпоративное управление техническим перевооружением фирм
e Сведения, относящиеся к заглавию Учеб. для вузов
f Первые сведения об ответственности Под ред.А.Г.Поршнева
210 Выходные данные 1_
a Место издания М.
c Издательство Высш.шк.
d Дата издания 2003
215 Физическое описание __
a Объем 318 с.
300 Общие примечания __
a Общие примечания гриф УМО
610 Ключевые слова 0_
a Ключевые слова менеджмент
a Ключевые слова управление
a Ключевые слова корпоративизм
a Ключевые слова корпоративная культура
a Ключевые слова корпорации
a Ключевые слова копоративное управление
a Ключевые слова техническое перевооружение фирм
a Ключевые слова гриф УМО
a Ключевые слова учебное пособие
a Ключевые слова научно-техническая политика
a Ключевые слова научно-техническая революция
a Ключевые слова научно-технический прогресс
a Ключевые слова научно-техническое прогнозирование
a Ключевые слова научно-техническое развитие
a Ключевые слова инновации
a Ключевые слова диверсификация
a Ключевые слова оценка износа
a Ключевые слова физический износ
a Ключевые слова моральный износ
a Ключевые слова производство
686 Индексы других классификаций __
a Классификационный индекс 65.050.9(2)я73
2 Код системы rubbk
700 Автор _1
a Фамилия Луцкий Святослав Яковлевич
701 Альтернативная интеллектуальная ответственность _1
a Фамилия Ландсман Анатолий Яковлевич
801 Источник записи _0
a Страна RU
b Организация РУК
c Дата составления 20040409
g Правила каталогизации PSBO
801 Источник записи _1
a Страна RU
b Организация РУК
c Дата составления 20040409
g Правила каталогизации PSBO
852 Данные о местонахождении __
i Авторский знак Л86
j Шифр хранения ББК 65.050
901 Тип документа __
t Тип документа m
938 Служебная информация __
a Название организации Головной вуз
b Имя БД BOOK
c Название АИБС АИБС ИРБИС
952 Тип литературы __
b Гриф литературы для ВШ гриф УМО